Catàleg dels protocols de Balaguer / per Joan Farré i Viladrich
Descripción Física:
239 p. ; 24 cm
Otros Autores:
Fundació Noguera
MARC
| LEADER | 00000nam a2200000Ia 4500 | ||
|---|---|---|---|
| 001 | 9688 | ||
| 008 | 160829s1991 xx 000 0 cat d | ||
| 080 | |a A-1-198 | ||
| 100 | |a Farré i Viladrich, Joan |9 31981 | ||
| 245 | |a Catàleg dels protocols de Balaguer / per Joan Farré i Viladrich | ||
| 260 | |a Barcelona : |b Fundació Noguera, |c 1991 | ||
| 300 | |a 239 p. ; |c 24 cm | ||
| 490 | |a Inventaris d'arxius notarials de Catalunya ; 13 | ||
| 650 | |a Arxiu Històric Comarcal de Balaguer |x Catàlegs |9 31982 | ||
| 650 | |a Documents públics |x Balaguer |x Catàlegs |9 31983 | ||
| 700 | |a Fundació Noguera |9 70407 | ||
| 901 | |a Arxiu | ||
| 942 | |n 1 | ||
| 952 | |0 0 |1 0 |4 0 |6 A1198 |7 1 |9 45826 |a Arxiu |b Arxiu |d 2016-12-01 |l 0 |o A-1-198 |p 9688 |r 2016-12-01 00:00:00 |w 2016-12-01 |y ARXIU | ||
| 999 | |c 49326 |d 49326 | ||